000 00447 a2200157 4500
999 _c2997
_d2997
020 _a9780761954897
050 _aLB1555 TEA 2005
100 _aCockburn, Anne D
_eeditor
245 _aTeaching Children 3 to 11 :
_bA Student's Guide /
_cedited by Anne D,Cockburn
264 _aLondon:
_bP.C.P Publishing,
_c2005
300 _a264p. :
_bill.
500 _aIncludes index
650 _ateaching
650 _alearning
942 _2lcc
_cBK
_h1555
_iTEA
_kLB